| 000 | 00723nam a2200193 a 4500 | ||
|---|---|---|---|
| 008 | 120416s1979 ||||||||||||||||| || u | ||
| 050 | _aQH 352 Pop | ||
| 100 | _aTaylor, Lionel Roy | ||
| 245 | 1 | 0 |
_aPopulation dynamics: the 20th symposium of the British Ecological Society _cedited by R. M. Anderson |
| 260 |
_aOxford _bBlackwell Scientific _c1979 |
||
| 300 | _aviii, 434p. : ill | ||
| 350 | _a0.00 | ||
| 650 | _aPOPULATION--ENVIRONMENTAL ASPECTS | ||
| 650 | 0 | _aBIOLOGY | |
| 650 | _aPOPULATION DYNAMICS | ||
| 700 | _aAnderson, R. M | ||
| 700 | _aTurner, B. D | ||
| 995 |
_D0.00 _FCBU-MAIN LIBRARY (Kitwe) _H1 _I0.00 _M1 _UAVAILABLE _ZMain Library Open Access Collection |
||
| 999 |
_c54017 _d54017 |
||